000 01655nam a2200397 c 4500
003 BLK
005 20241113092905.0
008 180410b bul|||||r ||||||| ||bul||
010 _aKNG00172918000
020 _a978-954-9664-65-2
_bиздат.: Ахат
040 _aBLK
041 _aBUL
_cBUL
072 7 _2bullib
_aН31
_xСоциология Н
080 _aДемографска политика
_b314.15
_x(497.2)(062.2)
_z314.15(497.2)(062.2)
700 1 _aИванов, Петър Иванов
_eсъстав. и науч. ред.
_9370569
139 _aДемографската катастрофа
_bД 40
245 1 0 _aДемографската катастрофа
_bМонополи, корупция и регионализъм : Патриотични семинари
_cсъстав. и науч. ред. Петър Иванов Иванов.
257 _aBGR
260 Русе
_bАхат
_c2014
_fВ. Търново : Абагар
300 _a328 с.
_bс табл., диагр.
_c20 см
380 _a3
490 1 _aПатриотични семинари
500 _aБиблиогр. след отд. материали.
650 4 _aБългария - население
_9283925
651 4 _aБългария
_9241624
653 _aдемографска политика
653 _aдемография
653 _aсеминари
659 _aН
852 _aЦб 273250
856 4 _qpdf
_u
856 4 _qpdf
_u
942 _cKNG
_n0
_03
944 _aCR
_c12.03.2015
_lМинев Младен
_k30530
944 _aED
_c18.11.2015
_lф /
_kЛюдмила_Стоянова
999 _c165312
_d165312